[Event "BL2 Sued 1819 (Women)"]
[Site "Germany"]
[Date "2018.11.18"]
[Round "4.3"]
[White "Voss, Chantal"]
[Black "Hund, Isabel"]
[Result "1/2-1/2"]
[WhiteElo "1937"]
[BlackElo "2051"]
[PlyCount "116"]
[EventDate "2018.10.27"]
[EventType "team-tourn"]
[EventRounds "7"]
[EventCountry "GER"]
[SourceTitle "CBM 190 Extra"]
[Source "ChessBase"]
[SourceDate "2019.07.15"]
[SourceVersion "1"]
[SourceVersionDate "2019.07.15"]
[SourceQuality "1"]
[WhiteTeam "Mainz Schott (W)"]
[BlackTeam "Freiburg Zaehringen (W)"]
[WhiteTeamCountry "GER"]
[BlackTeamCountry "GER"]

1. d4 Nf6 2. c4 g6 3. Nc3 Bg7 4. e4 d6 5. Nf3 c5 6. Be2 cxd4 7. Nxd4 Nc6 8. Be3 0-0 9. 0-0 Nxd4 10. Bxd4 Be6 11. Rc1 Qd7 12. f4 Rfc8 13. b3 Ne8 14. Bxg7 Nxg7 15. Qd4 f5 16. Rcd1 Qc7 17. Nd5 Bxd5 18. Qxd5+ Kf8 19. Kh1 Qc6 20. Bf3 Qxd5 21. Rxd5 Rc7 22. g4 fxg4 23. Bxg4 Rc5 24. Rd3 Kg8 25. f5 gxf5 26. exf5 Rf8 27. f6 Rxf6 28. Rxf6 exf6 29. Rxd6 f5 30. Bf3 Rc7 31. Bd5+ Kf8 32. Rf6+ Ke7 33. Rh6 b6 34. Rxh7 Kf6 35. Kg2 Re7 36. Kf3 Re1 37. Rh8 Ra1 38. a4 Rb1 39. c5 bxc5 40. Ra8 Ne6 41. Rxa7 Nd4+ 42. Ke3 Ke5 43. Bc4 f4+ 44. Kf2 Rb2+ 45. Kf1 Nxb3 46. Kg1 Nd2 47. Be2 f3 48. Bb5 Ne4 49. h4 Rg2+ 50. Kf1 Ng3+ 51. Ke1 f2+ 52. Kd1 f1Q+ 53. Bxf1 Nxf1 54. a5 Kd4 55. a6 Ne3+ 56. Ke1 Ra2 57. h5 Nc2+ 58. Kd1 Ne3+ 1/2-1/2

[Event "BL2 Sued 1718 (Women)"]
[Site "Germany"]
[Date "2018.02.17"]
[Round "6.4"]
[White "Mao, Yvonne"]
[Black "Voss, Chantal"]
[Result "0-1"]
[WhiteElo "1897"]
[BlackElo "1933"]
[PlyCount "58"]
[EventDate "2017.10.14"]
[EventType "team-tourn"]
[EventRounds "7"]
[EventCountry "GER"]
[SourceTitle "EXT 2019"]
[Source "ChessBase"]
[SourceDate "2018.10.10"]
[SourceVersion "1"]
[SourceVersionDate "2018.10.10"]
[SourceQuality "1"]
[WhiteTeam "Gernsheim (W)"]
[BlackTeam "Mainz Schott (W)"]
[WhiteTeamCountry "GER"]
[BlackTeamCountry "GER"]

1. e4 e6 2. b3 d5 3. Bb2 Nf6 4. exd5 exd5 5. Nf3 Bg4 6. Be2 Nbd7 7. 0-0 Bd6 8. Nd4 Be6 9. Nxe6 fxe6 10. Bh5+ g6 11. Bg4 e5 12. Bxd7+ Nxd7 13. f4 0-0 14. fxe5 Nxe5 15. Nc3 c6 16. Qe2 Qg5 17. Rae1 Rf5 18. Rxf5 Qxf5 19. d4 Ng4 20. h3 Nh6 21. Rf1 Qd7 22. Na4 Re8 23. Qd2 Nf5 24. Nc5 Qc7 25. g4 Ng3 26. Re1 Qf7 27. Rxe8+ Qxe8 28. Nxb7 Bf4 29. Qc3 Ne2+ 0-1

[Event "GER-chT U20 Girls"]
[Site "Osnabrueck"]
[Date "2012.12.29"]
[Round "5.4"]
[White "Voss, Chantal"]
[Black "Knoechel, Sarah"]
[Result "0-1"]
[WhiteElo "1821"]
[BlackElo "1249"]
[PlyCount "94"]
[EventDate "2012.12.27"]
[EventType "team-swiss"]
[EventRounds "7"]
[EventCountry "GER"]
[SourceTitle "EXT 2014"]
[Source "ChessBase"]
[SourceDate "2013.11.20"]
[SourceVersion "1"]
[SourceVersionDate "2013.11.20"]
[SourceQuality "1"]
[WhiteTeam "Schott Mainz"]
[BlackTeam "Leipzig Lindenau"]
[WhiteTeamCountry "GER"]
[BlackTeamCountry "GER"]

1. d4 d5 2. c4 c6 3. Nf3 Nf6 4. g3 Bf5 5. Bg2 e6 6. 0-0 Be7 7. Nc3 0-0 8. Ne5 Nbd7 9. h3 Nxe5 10. dxe5 Nd7 11. cxd5 Nxe5 12. e4 Bg6 13. f4 Nc4 14. f5 Bxf5 15. exf5 exd5 16. Kh2 Bd6 17. Nxd5 cxd5 18. Bxd5 Qc7 19. Qb3 Na5 20. Qf3 Rac8 21. Bg5 Nc6 22. f6 g6 23. Rae1 Ne5 24. Qe3 Rfe8 25. Kg2 Qc2+ 26. Rf2 Qd3 27. Rfe2 Qxd5+ 28. Qe4 Qxe4+ 29. Rxe4 Rc2+ 30. R1e2 Rxe2+ 31. Rxe2 Re6 32. b3 Nd7 33. Rd2 Nxf6 34. Bh6 Ne4 35. Rc2 f5 36. Rc8+ Kf7 37. Rh8 g5 38. Rxh7+ Kg8 39. Rg7+ Kh8 40. Rxb7 Rxh6 41. Rxa7 Nxg3 42. a4 Rf6 43. a5 f4 44. Kf3 Ne4 45. Rb7 Nd2+ 46. Kf2 Bc5+ 47. Ke1 f3 0-1

[Event "GER-chT U20 Girls"]
[Site "Osnabrueck"]
[Date "2012.12.27"]
[Round "1.4"]
[White "Voss, Chantal"]
[Black "Hartewig, Anja"]
[Result "1-0"]
[WhiteElo "1821"]
[BlackElo "1611"]
[PlyCount "115"]
[EventDate "2012.12.27"]
[EventType "team-swiss"]
[EventRounds "7"]
[EventCountry "GER"]
[SourceTitle "EXT 2014"]
[Source "ChessBase"]
[SourceDate "2013.11.20"]
[SourceVersion "1"]
[SourceVersionDate "2013.11.20"]
[SourceQuality "1"]
[WhiteTeam "Schott Mainz"]
[BlackTeam "Chemnitz Aufbau"]
[WhiteTeamCountry "GER"]
[BlackTeamCountry "GER"]

1. d4 d5 2. c4 c6 3. Nf3 Nf6 4. g3 Bf5 5. Bg2 e6 6. 0-0 Nbd7 7. b3 Be7 8. Bb2 0-0 9. Nbd2 h6 10. Ne1 Bb4 11. a3 Bxd2 12. Qxd2 Ne4 13. Qd1 Qg5 14. Bc1 Qd8 15. f3 Nef6 16. Bb2 Qb6 17. c5 Qc7 18. Nd3 Rfe8 19. Qd2 Bg6 20. Rae1 Bxd3 21. exd3 b6 22. b4 bxc5 23. bxc5 Rab8 24. Bc3 Rb5 25. a4 Rb7 26. f4 Qb8 27. Qc2 Qc7 28. Bf3 Nh7 29. f5 e5 30. Bg2 Nhf6 31. Re2 exd4 32. Rxe8+ Nxe8 33. Bxd4 Qa5 34. Rc1 Nef6 35. Bf3 Qa6 36. Re1 Rb4 37. Qc3 Rxa4 38. Rb1 Ra3 39. Rb3 Rxb3 40. Qxb3 Qa5 41. Qc2 Qb4 42. Qf2 a5 43. Kg2 a4 44. g4 a3 45. Bd1 Qb1 46. Ba4 Qxd3 47. Bxc6 Qa6 48. Bxd7 Nxd7 49. Qa2 Nf6 50. h3 Kf8 51. c6 Qxc6 52. Qxa3+ Ke8 53. Kf3 h5 54. g5 Ne4 55. h4 g6 56. f6 Nd2+ 57. Kf2 Nc4 58. Qe7# 1-0

[Event "BL 1112 (Women)"]
[Site "Germany"]
[Date "2012.02.12"]
[Round "9.5"]
[White "Lakos, Nikoletta"]
[Black "Voss, Chantal"]
[Result "1-0"]
[WhiteElo "2278"]
[BlackElo "1898"]
[PlyCount "71"]
[EventDate "2011.10.29"]
[EventType "team-tourn"]
[EventRounds "11"]
[EventCountry "GER"]
[SourceTitle "EXT 2013"]
[Source "ChessBase"]
[SourceDate "2012.11.22"]
[SourceVersion "1"]
[SourceVersionDate "2012.11.22"]
[SourceQuality "1"]
[WhiteTeam "Halle Volksbank (W)"]
[BlackTeam "Schott Mainz (W)"]
[WhiteTeamCountry "GER"]
[BlackTeamCountry "GER"]

1. e4 e6 2. d4 d5 3. Nd2 Nf6 4. e5 Nfd7 5. c3 c5 6. Bd3 Nc6 7. Ne2 cxd4 8. cxd4 f6 9. exf6 Nxf6 10. Nf3 Bd6 11. 0-0 0-0 12. Bf4 Bxf4 13. Nxf4 Ne4 14. Qc1 Ng5 15. Nxg5 Qxg5 16. Ne2 Qh4 17. Qe3 Bd7 18. Bb5 Qf6 19. Nc1 Rac8 20. Nd3 Be8 21. Bxc6 Bxc6 22. Rfc1 Rc7 23. Rc2 Re7 24. Ne5 Bb5 25. Rac1 Qf5 26. b3 Be8 27. Rc8 h6 28. h3 g5 29. R1c2 Rg7 30. Ng4 Kh7 31. Qe5 Rgf7 32. R2c7 Kg6 33. Qxf5+ Rxf5 34. Ne5+ Rxe5 35. dxe5 Kf5 36. Re7 1-0

[Event "Karl Mala Memorial op 14th"]
[Site "Frankfurt"]
[Date "2011.07.09"]
[Round "5"]
[White "Pollmann, Sascha"]
[Black "Voss, Chantal"]
[Result "1-0"]
[WhiteElo "2026"]
[BlackElo "1903"]
[PlyCount "57"]
[EventDate "2011.07.07"]
[EventType "swiss"]
[EventRounds "7"]
[EventCountry "GER"]
[SourceTitle "EXT 2012"]
[Source "ChessBase"]
[SourceDate "2011.11.24"]
[SourceVersion "1"]
[SourceVersionDate "2011.11.24"]
[SourceQuality "1"]

1. Nf3 d5 2. g3 c5 3. Bg2 Nf6 4. 0-0 Nc6 5. d4 e6 6. c4 b6 7. Nc3 Bb7 8. cxd5 exd5 9. Bg5 Be7 10. dxc5 bxc5 11. Bxf6 Bxf6 12. Nxd5 0-0 13. Nxf6+ Qxf6 14. Qc2 Ba6 15. Ng5 Qxg5 16. Bxc6 Rac8 17. Be4 f5 18. Bd5+ Kh8 19. Bf3 Rf6 20. Rfd1 c4 21. Rd7 Rb6 22. Rxa7 Rcb8 23. Qc3 h6 24. h4 Qf6 25. Qxf6 Rxf6 26. b3 Rd6 27. bxc4 Bxc4 28. Rc1 Be6 29. Rcc7 1-0

[Event "Karl Mala Memorial op 14th"]
[Site "Frankfurt"]
[Date "2011.07.09"]
[Round "4"]
[White "Voss, Chantal"]
[Black "Busch, Lorenz"]
[Result "1/2-1/2"]
[WhiteElo "1903"]
[BlackElo "2109"]
[PlyCount "71"]
[EventDate "2011.07.07"]
[EventType "swiss"]
[EventRounds "7"]
[EventCountry "GER"]
[SourceTitle "EXT 2012"]
[Source "ChessBase"]
[SourceDate "2011.11.24"]
[SourceVersion "1"]
[SourceVersionDate "2011.11.24"]
[SourceQuality "1"]

1. d4 Nf6 2. c4 g6 3. Nc3 Bg7 4. e4 d6 5. Nf3 0-0 6. Be2 e5 7. 0-0 Nc6 8. d5 Ne7 9. Be3 Ng4 10. Bd2 f5 11. Ne1 Nf6 12. f3 c5 13. dxc6 bxc6 14. Be3 d5 15. cxd5 cxd5 16. exd5 Nexd5 17. Bc4 Be6 18. Qd2 Kh8 19. Nxd5 Bxd5 20. Bxd5 Qxd5 21. Qf2 Qb7 22. Nd3 Nd5 23. Bc5 Rfc8 24. Rfe1 Re8 25. Rad1 Nb6 26. f4 e4 27. Ne5 Bxe5 28. fxe5 Nd7 29. Bd4 Nxe5 30. Qh4 Kg8 31. Bc3 Nd3 32. Rxd3 exd3 33. Qc4+ Kf8 34. Bb4+ Kg7 35. Bc3+ Kf8 36. Bb4+ 1/2-1/2

[Event "Karl Mala Memorial op 14th"]
[Site "Frankfurt"]
[Date "2011.07.08"]
[Round "2"]
[White "Rosa, Mike"]
[Black "Voss, Chantal"]
[Result "1-0"]
[WhiteElo "2114"]
[BlackElo "1903"]
[PlyCount "117"]
[EventDate "2011.07.07"]
[EventType "swiss"]
[EventRounds "7"]
[EventCountry "GER"]
[SourceTitle "EXT 2012"]
[Source "ChessBase"]
[SourceDate "2011.11.24"]
[SourceVersion "1"]
[SourceVersionDate "2011.11.24"]
[SourceQuality "1"]

1. e4 e6 2. d3 d5 3. Nd2 Nf6 4. Ngf3 c5 5. g3 Nc6 6. Bg2 Be7 7. 0-0 b5 8. a4 b4 9. Re1 0-0 10. e5 Nd7 11. Nf1 Rb8 12. h4 Na5 13. N1h2 Ba6 14. Ng5 Qe8 15. Qg4 Rb6 16. b3 f5 17. exf6 Bxf6 18. Rb1 Ne5 19. Qf4 Nxd3 20. cxd3 Bd4 21. Qd2 Bxf2+ 22. Qxf2 Rxf2 23. Kxf2 Bxd3 24. Rb2 Kh8 25. Bxd5 Qf8+ 26. Bf3 Qf6 27. Ng4 Qd4+ 28. Kg2 Qc3 29. Rd1 Nxb3 30. Ne4 Qc4 31. Ne5 Qxc1 32. Rxc1 Nxc1 33. Rd2 c4 34. Nxc4 Rb8 35. Nb2 Bb1 36. Rd7 a5 37. Ng5 Ba2 38. h5 h6 39. Nf7+ Kg8 40. Ne5 Rc8 41. Be4 Ne2 42. Nc6 Kf8 43. Nxa5 Nc3 44. Bg6 Bd5+ 45. Kf2 Ne4+ 46. Bxe4 Bxe4 47. Rd4 Bd5 48. Rxb4 Rc3 49. Rf4+ Ke7 50. Nbc4 Rc2+ 51. Ke3 Rc3+ 52. Kf2 Rc2+ 53. Ke1 Ra2 54. Nb6 Bh1 55. Nac4 Bc6 56. Ne5 Be8 57. g4 Kd6 58. Nd3 Ra3 59. Nc4+ 1-0

[Event "BL 1011 (Women)"]
[Site "Germany"]
[Date "2011.01.09"]
[Round "5.5"]
[White "Voss, Chantal"]
[Black "Roitburd, Marina"]
[Result "1/2-1/2"]
[WhiteElo "1905"]
[BlackElo "1941"]
[PlyCount "104"]
[EventDate "2010.11.06"]
[EventType "team-tourn"]
[EventRounds "11"]
[EventCountry "GER"]
[SourceTitle "EXT 2012"]
[Source "ChessBase"]
[SourceDate "2011.11.24"]
[SourceVersion "1"]
[SourceVersionDate "2011.11.24"]
[SourceQuality "1"]
[WhiteTeam "Schott Mainz (W)"]
[BlackTeam "Muelheim Nord (W)"]
[WhiteTeamCountry "GER"]
[BlackTeamCountry "GER"]

1. d4 Nf6 2. c4 g6 3. Nc3 d5 4. cxd5 Nxd5 5. Bd2 Bg7 6. e4 Nxc3 7. Bxc3 0-0 8. Nf3 c5 9. d5 Bg4 10. Be2 Nd7 11. 0-0 Qc7 12. Qc2 Qf4 13. Bd2 Qc7 14. h3 Bxf3 15. Bxf3 Rac8 16. Bg4 h5 17. Be2 Bd4 18. Kh1 Kg7 19. f4 Nf6 20. Rad1 Rh8 21. Bc3 Qb6 22. Qd3 Bxc3 23. Qxc3 h4 24. Bf3 c4 25. e5 Nh5 26. Bxh5 Rxh5 27. b3 Qc5 28. Qxc4 Qxc4 29. bxc4 Rxc4 30. d6 exd6 31. exd6 Rh8 32. Rf3 Rd8 33. Rb3 Rd7 34. Rf3 Kf6 35. Ra3 b6 36. Kg1 Rxf4 37. Rc3 Re4 38. Rc8 Re6 39. Rc6 Ke5 40. Rc4 g5 41. Rc7 Rxc7 42. dxc7 Rc6 43. Rd7 Ke6 44. c8Q Rxc8 45. Rxa7 Rc2 46. a4 Ra2 47. Ra6 Ke5 48. Rxb6 Rxa4 49. Kf2 f5 50. Rb2 Kf4 51. Rc2 g4 52. Rb2 Re4 1/2-1/2

[Event "BL2 Sued 1011 (Women)"]
[Site "Germany"]
[Date "2010.11.06"]
[Round "1.3"]
[White "Voss, Chantal"]
[Black "Haecker, Sonja"]
[Result "0-1"]
[WhiteElo "1905"]
[BlackElo "2048"]
[PlyCount "100"]
[EventDate "2010.11.06"]
[EventType "team-tourn"]
[EventRounds "7"]
[EventCountry "GER"]
[SourceTitle "EXT 2012"]
[Source "ChessBase"]
[SourceDate "2011.11.24"]
[SourceVersion "1"]
[SourceVersionDate "2011.11.24"]
[SourceQuality "1"]
[WhiteTeam "Schott Mainz (W) II"]
[BlackTeam "Stuttgart Wolfbusch (W)"]
[WhiteTeamCountry "GER"]
[BlackTeamCountry "GER"]

1. d4 d5 2. c4 c6 3. g3 Nf6 4. Bg2 Bf5 5. Nc3 e6 6. Nf3 Nbd7 7. 0-0 Be7 8. b3 0-0 9. Bb2 Rb8 10. Ne5 Qc7 11. Qc1 Rfc8 12. Rd1 Nxe5 13. dxe5 Ng4 14. e4 dxe4 15. Nxe4 Nxe5 16. c5 Rd8 17. Qf4 f6 18. h3 Rbc8 19. Qe3 Nf7 20. g4 Bg6 21. Ng3 e5 22. Bf1 b5 23. a4 a6 24. Be2 Ng5 25. Nf5 Bf8 26. axb5 axb5 27. Bc3 Rd5 28. Ba5 Qd7 29. Bb6 Bxf5 30. gxf5 Rb8 31. h4 Nf7 32. Bf3 Rxd1+ 33. Rxd1 Qxf5 34. Qd3 Qe6 35. Qd7 Qxb3 36. Bxc6 Qc2 37. Rd3 Bxc5 38. Bxc5 Qxc5 39. Qc7 Qb6 40. Qxb6 Rxb6 41. Bd5 Kf8 42. Bb3 Nd6 43. Bc2 h6 44. Ra3 Ke7 45. Ra8 Rb7 46. Kf1 b4 47. Bb3 Nf5 48. Rg8 Kd6 49. h5 Nd4 50. Ba2 b3 0-1

[Event "Avoine op 25th"]
[Site "Avoine"]
[Date "2010.07.24"]
[Round "8"]
[White "Vingerhoets, Luc"]
[Black "Voss, Chantal"]
[Result "1/2-1/2"]
[WhiteElo "2057"]
[BlackElo "1902"]
[PlyCount "101"]
[EventDate "2010.07.17"]
[EventType "swiss"]
[EventRounds "9"]
[EventCountry "FRA"]
[SourceTitle "EXT 2011"]
[Source "ChessBase"]
[SourceDate "2010.11.26"]
[SourceVersion "1"]
[SourceVersionDate "2010.11.26"]
[SourceQuality "1"]

1. e4 e6 2. d4 d5 3. Nd2 Nf6 4. e5 Nfd7 5. Bd3 c5 6. c3 Nc6 7. Ne2 cxd4 8. cxd4 f6 9. Nf4 Nxd4 10. Qh5+ Ke7 11. Ng6+ hxg6 12. exf6+ Nxf6 13. Qxh8 Kf7 14. Qh4 e5 15. Nf3 Bb4+ 16. Kf1 e4 17. Ne5+ Kg8 18. Nxg6 Qe8 19. Qh8+ Kf7 20. Qxe8+ Nxe8 21. Nf4 exd3 22. Nxd3 Bd6 23. Bf4 Bf5 24. Rd1 Rc8 25. Bxd6 Nxd6 26. Nb4 Ne4 27. Nxd5 Rc2 28. Rxd4 Rc1+ 29. Ke2 Rxh1 30. Ne3 Ke6 31. Nxf5 Kxf5 32. Rd7 Rxh2 33. Rxg7 Nd6 34. g4+ Kf6 35. Rd7 Ke6 36. Rg7 Rh1 37. Rc7 Ra1 38. a3 Rb1 39. Rc2 Nb5 40. Ke3 Rg1 41. f3 Nd6 42. Kf4 a6 43. Ke3 Kd5 44. Kf4 Nc4 45. Re2 b5 46. g5 Nd6 47. Rd2+ Ke6 48. Re2+ Kf7 49. Rd2 Ke6 50. Re2+ Kd5 51. Rd2+ 1/2-1/2

[Event "Avoine op 25th"]
[Site "Avoine"]
[Date "2010.07.20"]
[Round "4"]
[White "Voss, Chantal"]
[Black "Peyre, Thomas"]
[Result "0-1"]
[WhiteElo "1881"]
[BlackElo "2065"]
[PlyCount "74"]
[EventDate "2010.07.17"]
[EventType "swiss"]
[EventRounds "9"]
[EventCountry "FRA"]
[SourceTitle "EXT 2011"]
[Source "ChessBase"]
[SourceDate "2010.11.26"]
[SourceVersion "1"]
[SourceVersionDate "2010.11.26"]
[SourceQuality "1"]

1. d4 Nf6 2. c4 e6 3. Nf3 b6 4. g3 Bb4+ 5. Bd2 Bxd2+ 6. Nbxd2 Bb7 7. Bg2 0-0 8. 0-0 d6 9. Qc2 Nbd7 10. e4 e5 11. d5 g6 12. b4 a5 13. a3 Nh5 14. Bh3 Bc8 15. Rac1 Qe7 16. Nb1 Ng7 17. Qd2 f5 18. Nc3 Nf6 19. Qg5 Qf7 20. Qd2 Qe8 21. Ng5 h6 22. Nf3 fxe4 23. Bxc8 Qxc8 24. Ne1 Qh3 25. f3 Kh7 26. Qg2 Qxg2+ 27. Kxg2 Nf5 28. Nc2 exf3+ 29. Rxf3 axb4 30. axb4 Rf7 31. Rcf1 Raf8 32. R3f2 Ng4 33. Rf3 Nfe3+ 34. Nxe3 Nxe3+ 35. Rxe3 Rxf1 36. Re2 Rc1 37. Re3 Rc2+ 0-1

[Event "Avoine op 25th"]
[Site "Avoine"]
[Date "2010.07.19"]
[Round "3"]
[White "Saatdjian, Thomas"]
[Black "Voss, Chantal"]
[Result "1-0"]
[WhiteElo "2369"]
[BlackElo "1881"]
[PlyCount "107"]
[EventDate "2010.07.17"]
[EventType "swiss"]
[EventRounds "9"]
[EventCountry "FRA"]
[SourceTitle "EXT 2011"]
[Source "ChessBase"]
[SourceDate "2010.11.26"]
[SourceVersion "1"]
[SourceVersionDate "2010.11.26"]
[SourceQuality "1"]

1. Nf3 Nf6 2. c4 e6 3. g3 d5 4. Bg2 Be7 5. b3 c5 6. cxd5 exd5 7. d4 Nc6 8. 0-0 0-0 9. Bb2 Ne4 10. dxc5 Bf6 11. Qc1 Qe7 12. Nbd2 Bxb2 13. Qxb2 Qxc5 14. Rac1 Qb4 15. Rfd1 f5 16. e3 Qe7 17. Nb1 Be6 18. Nc3 Rad8 19. Ne2 Bf7 20. Ned4 Qf6 21. Qa1 Bh5 22. Nxc6 bxc6 23. Qxf6 Rxf6 24. Rd4 Bxf3 25. Bxf3 Kf7 26. Ra4 Rd7 27. Ra6 Rc7 28. Rc2 Ke7 29. Be2 Kd7 30. f3 Nd6 31. Kf2 g5 32. Ra4 Rf7 33. Rc1 Ke6 34. Bd3 Rf6 35. Ke2 h5 36. h3 Nf7 37. Rh1 Nd6 38. g4 h4 39. Rg1 Rg7 40. Ra6 fxg4 41. Rxg4 Rgf7 42. Rxg5 Rxf3 43. Rxc6 R7f6 44. Ra6 Rxh3 45. Rxa7 Rh2+ 46. Ke1 h3 47. Rh5 Nf7 48. e4 d4 49. Bc4+ Kd6 50. Rxf7 Rg6 51. e5+ Kc5 52. e6+ Kb4 53. e7 Rg1+ 54. Rf1 1-0

[Event "GER-ch U18 Girls"]
[Site "Oberhof"]
[Date "2010.05.25"]
[Round "5"]
[White "Voss, Chantal"]
[Black "Frey, Alisa"]
[Result "0-1"]
[WhiteElo "1879"]
[BlackElo "2049"]
[PlyCount "116"]
[EventDate "2010.05.22"]
[EventType "swiss"]
[EventRounds "9"]
[EventCountry "GER"]
[SourceTitle "CBM 136 Extra"]
[Source "ChessBase"]
[SourceDate "2010.07.02"]
[SourceVersion "2"]
[SourceVersionDate "2010.07.15"]
[SourceQuality "1"]

1. d4 Nf6 2. c4 g6 3. Nc3 d5 4. cxd5 Nxd5 5. e4 Nxc3 6. bxc3 Bg7 7. Bc4 c5 8. Ne2 Nc6 9. Be3 0-0 10. 0-0 Bd7 11. Rb1 Qc7 12. Bf4 Qc8 13. d5 Na5 14. Bd3 e5 15. Be3 f5 16. f4 fxe4 17. Bxe4 Nc4 18. Bc1 Nd6 19. Bc2 e4 20. h3 b6 21. Bb2 Bb5 22. Ba4 Bd3 23. Bc2 Qa6 24. Bxd3 exd3 25. Ng3 c4 26. a4 Nf5 27. Nxf5 Rxf5 28. d6 Rd8 29. Qe1 Qc8 30. Qe7 Rf7 31. Qe3 Rxd6 32. Rbe1 Qc5 33. Qxc5 bxc5 34. Re4 Rb7 35. Ba3 Bxc3 36. Rxc4 Bd4+ 37. Kh2 Rd5 38. Rd1 Be3 39. Rc3 Bxf4+ 40. g3 Be3 41. Rcxd3 Rxd3 42. Rxd3 Bd4 43. Kg2 Rc7 44. Bc1 Bf6 45. Bd2 c4 46. Rf3 Kg7 47. Kf2 c3 48. Bc1 Rb7 49. Ke2 Rb1 50. Kd1 Ra1 51. Kc2 Rxa4 52. Kb3 Ra6 53. Rd3 Rb6+ 54. Kc2 Rb7 55. Rf3 a5 56. Rd3 a4 57. Rd5 Ra7 58. Ba3 Be7 0-1

[Event "GER-ch U18 Girls"]
[Site "Oberhof"]
[Date "2010.05.25"]
[Round "4"]
[White "Voss, Chantal"]
[Black "Kirst, Julia"]
[Result "1-0"]
[WhiteElo "1879"]
[BlackElo "1712"]
[PlyCount "57"]
[EventDate "2010.05.22"]
[EventType "swiss"]
[EventRounds "9"]
[EventCountry "GER"]
[SourceTitle "CBM 136 Extra"]
[Source "ChessBase"]
[SourceDate "2010.07.02"]
[SourceVersion "2"]
[SourceVersionDate "2010.07.15"]
[SourceQuality "1"]

1. d4 Nf6 2. c4 g6 3. Nc3 Bg7 4. e4 d6 5. Nf3 0-0 6. Be2 e5 7. 0-0 Nc6 8. d5 Ne7 9. b4 Nh5 10. Re1 f5 11. Ng5 Nf6 12. Bf3 a5 13. c5 axb4 14. Nb5 fxe4 15. Bxe4 Nf5 16. Qb3 Nd4 17. Nxd4 exd4 18. cxd6 Qxd6 19. Bd2 Ng4 20. Nf3 Rxf3 21. Qxf3 Qxh2+ 22. Kf1 Ra3 23. Qf4 Qh4 24. g3 Qh5 25. Bg2 Bd7 26. Re7 Ne5 27. Bxb4 Bb5+ 28. Kg1 Rd3 29. Rxg7+ 1-0

[Event "GER-ch U18 Girls"]
[Site "Oberhof"]
[Date "2010.05.24"]
[Round "3"]
[White "Wisheckel, Lena"]
[Black "Voss, Chantal"]
[Result "0-1"]
[WhiteElo "1672"]
[BlackElo "1879"]
[PlyCount "84"]
[EventDate "2010.05.22"]
[EventType "swiss"]
[EventRounds "9"]
[EventCountry "GER"]
[SourceTitle "CBM 136 Extra"]
[Source "ChessBase"]
[SourceDate "2010.07.02"]
[SourceVersion "2"]
[SourceVersionDate "2010.07.15"]
[SourceQuality "1"]

1. e4 e6 2. d4 d5 3. Nc3 Nf6 4. e5 Nfd7 5. Qh5 c5 6. Nf3 cxd4 7. Nxd4 g6 8. Qg5 Qxg5 9. Bxg5 a6 10. f4 Nc6 11. 0-0-0 h6 12. Bh4 g5 13. Nxc6 bxc6 14. fxg5 Nxe5 15. Bg3 Nd7 16. gxh6 Bxh6+ 17. Kb1 Ke7 18. Be2 Be3 19. Rhe1 Ba7 20. Bf3 Bb8 21. Bxb8 Rxb8 22. h3 a5 23. Rh1 Ba6 24. Be2 Bxe2 25. Nxe2 c5 26. Nf4 Nb6 27. Rhe1 Kd6 28. Kc1 a4 29. Nd3 Rb7 30. Nf2 Nc4 31. b3 axb3 32. axb3 Nb6 33. Rd3 Rg8 34. g4 c4 35. bxc4 Nxc4 36. Ne4+ Kc6 37. Nc3 Ra8 38. Kd1 Nb2+ 39. Kd2 Nxd3 40. Kxd3 Rh8 41. Re3 Rb4 42. Kd2 d4 0-1

[Event "BL2 Sued 0910 (Women)"]
[Site "Germany"]
[Date "2010.03.14"]
[Round "7.5"]
[White "Kaulfuss, Christa"]
[Black "Voss, Chantal"]
[Result "1-0"]
[WhiteElo "1922"]
[BlackElo "1868"]
[PlyCount "101"]
[EventDate "2009.11.07"]
[EventType "team-tourn"]
[EventRounds "7"]
[EventCountry "GER"]
[SourceTitle "CBM 133 Extra"]
[Source "ChessBase"]
[SourceDate "2010.01.05"]
[SourceVersion "1"]
[SourceVersionDate "2010.01.05"]
[SourceQuality "1"]
[WhiteTeam "Hofheim (W)"]
[BlackTeam "Schott Mainz (W)"]
[WhiteTeamCountry "GER"]
[BlackTeamCountry "GER"]

1. e4 e6 2. d3 d5 3. Nd2 Nf6 4. g3 c5 5. Bg2 Nc6 6. Ne2 Be7 7. 0-0 0-0 8. h3 e5 9. f4 dxe4 10. dxe4 Qc7 11. f5 Rd8 12. c3 b5 13. Qc2 a5 14. Nf3 c4 15. Be3 Rd3 16. Bf2 Bb7 17. Rfd1 Nxe4 18. Rxd3 cxd3 19. Qxd3 Nxf2 20. Kxf2 Qb6+ 21. Kf1 b4 22. Rd1 Rd8 23. Qc2 Ba8 24. Rxd8+ Qxd8 25. Qd2 f6 26. g4 Bb7 27. Qxd8+ Nxd8 28. Nd2 Kf7 29. Ne4 Ke8 30. Kf2 Ba6 31. Ke3 Kd7 32. N2g3 Nb7 33. Bf1 Bxf1 34. Nxf1 Nc5 35. Nxc5+ Bxc5+ 36. Ke4 Kc6 37. c4 a4 38. b3 axb3 39. axb3 Bf2 40. Nd2 Be1 41. Nf3 Bf2 42. g5 Kd6 43. h4 Bg3 44. h5 h6 45. g6 Kc6 46. Ng1 Bf2 47. Nh3 Bb6 48. Ng5 hxg5 49. h6 g4 50. hxg7 g3 51. Kf3 1-0

[Event "GER-chT U20 Girls "]
[Site "Chemnitz"]
[Date "2009.12.30"]
[Round "7.3"]
[White "Voss, Chantal"]
[Black "Mueller, Anna Louise"]
[Result "1-0"]
[WhiteElo "1868"]
[BlackElo "1644"]
[PlyCount "77"]
[EventDate "2009.12.27"]
[EventType "team-swiss"]
[EventRounds "7"]
[EventCountry "GER"]
[SourceTitle "EXT 2022"]
[Source "ChessBase"]
[SourceDate "2021.10.06"]
[SourceVersion "1"]
[SourceVersionDate "2021.10.06"]
[SourceQuality "1"]
[WhiteTeam "Mainz Schott U20 Girls"]
[BlackTeam "Berlin Empor U20 Girls"]
[WhiteTeamCountry "GER"]
[BlackTeamCountry "GER"]

1. d4 Nf6 2. c4 g6 3. Nc3 Bg7 4. e4 d6 5. Nf3 Nc6 6. Be2 0-0 7. 0-0 e5 8. d5 Ne7 9. Be3 Ne8 10. Ne1 f5 11. f3 f4 12. Bf2 g5 13. Nd3 h5 14. Rc1 Nf6 15. c5 Ng6 16. cxd6 cxd6 17. Nb5 Ne8 18. Nxa7 h4 19. h3 Nf6 20. Nxc8 Rxc8 21. Qb3 Rf7 22. Bb6 Qd7 23. Rxc8+ Qxc8 24. Rc1 Qd7 25. Rc7 Qe8 26. Qc4 Kh7 27. Rxf7 Qxf7 28. Qc7 Qxc7 29. Bxc7 Bf8 30. Nc1 Ne8 31. Bb6 Be7 32. Nb3 Nf8 33. Bb5 Nf6 34. Na5 N8d7 35. Bc7 Nc5 36. b4 Na6 37. Bxa6 bxa6 38. Nc6 Ne8 39. Bb6 1-0

[Event "GER-chT U20 Girls "]
[Site "Chemnitz"]
[Date "2009.12.27"]
[Round "1.3"]
[White "Friese, Sarah"]
[Black "Voss, Chantal"]
[Result "1/2-1/2"]
[WhiteElo "1311"]
[BlackElo "1868"]
[PlyCount "53"]
[EventDate "2009.12.27"]
[EventType "team-swiss"]
[EventRounds "7"]
[EventCountry "GER"]
[SourceTitle "EXT 2022"]
[Source "ChessBase"]
[SourceDate "2021.10.06"]
[SourceVersion "1"]
[SourceVersionDate "2021.10.06"]
[SourceQuality "1"]
[WhiteTeam "Dortmund SV U20 Girls"]
[BlackTeam "Mainz Schott U20 Girls"]
[WhiteTeamCountry "GER"]
[BlackTeamCountry "GER"]

1. e4 e6 2. d4 d5 3. exd5 exd5 4. Nf3 Bd6 5. Bd3 Nc6 6. 0-0 Bg4 7. c3 Qd7 8. Nbd2 Nge7 9. a4 0-0-0 10. b4 Rde8 11. Qc2 f6 12. Ba3 Kb8 13. a5 b6 14. axb6 cxb6 15. c4 Nxb4 16. Bxb4 Bxb4 17. c5 Bxd2 18. Nxd2 Nc8 19. Ba6 Be2 20. Rfb1 Bxa6 21. Rxa6 Re6 22. cxb6 Rxb6 23. Raxb6+ Nxb6 24. Nb3 Qc8 25. Nc5 g6 26. Qb3 Qc6 27. Rc1 1/2-1/2